banner-ar

المقاييس التشخيصية والتنموية لدى الاطفال التوحديين/ (Record no. 65379)

MARC details
000 -الفاتح
حقل البيانات ثابتة الطول 01165nam a22002777a 4500
005 - وقت وتاريخ اخر تعامل مع التسجيلة
رقم الضبط 20240530110821.0
008 - عناصر البيانات ثابتة الطول - معلومات عامة
حقل البيانات ثابتة الطول 190717s2019 ua a f b 000 0 ara d
017 ## - رقم الايداع القانونى
رقم الايداع القانونى 11330
المصدر ( الهيئة المختصة) مصر. دار الكتب
020 ## - الرقم الدولى المعيارى للكتب
الرقم الدولى المعيارى للكتاب 9789773085919
040 ## - مصدر الفهرسة
وكالة الفهرسة الأصلية EG-CaGPL
وكالة النسخ EG-CaGPL
082 04 - رقم تصنيف ديوى العشرى
رقم الطبعة 21
رقم التصنيف 616.85884/
رقم المادة ص م
100 0# - المدخل الرئيسى - إسم شخصى
الإسم الشخصى صابر مصطفى ابراهيم محمد
245 12 - بيان العنوان
العنوان المقاييس التشخيصية والتنموية لدى الاطفال التوحديين/
بيان المسئوليه,etc صابر مصطفى ابراهيم محمد، ابراهيم جابر السيد احمد
250 ## - بيان الطبعة
بيان الطبعة ط.1
260 ## - PUBLICATION, DISTRIBUTION, ETC. (IMPRINT)
تاريخ النشر أو التوزيع 2019.
300 ## - الوصف المادى
التعداد 176 ص.:
تفاصيل ماديه اخرى للوعاء جداول ؛
أبعاد الوعاء 24 سم.
490 0# - بيان السلسلة
عنوان السلسلة سلسلة التوحد.
504 ## - تبصرة ببليوجرافية
تبصرة ببليوجرافية,الخ يشتمل على ارجاعات ببليوجرافية
650 07 - المدخل الاضافى بالموضوع-مصطلح موضوعى
مصدر الرأس أو المصطلح qrmak
مصطلح موضوعي الامراض العقلية
650 07 - المدخل الاضافى بالموضوع-مصطلح موضوعى
مصدر الرأس أو المصطلح qrmak
مصطلح موضوعي ضعاف العقول
651 ## - المدخل الاضافى بالموضوع - اسم جغرافى
مصدر الرأس أو المصطلح qrmak
653 #0 - مصطلح تكشيفى غير مقيد
مصطلح غير مقيد التوحد - علاج
700 0# - المدخل الاضافى - اسم شخصى
الإسم الشخصى ابراهيم جابر السيد احمد
الدور مؤلف مشارك
942 ## - عناصر المدخل الإضافي( كوها)
مصدر التصنيف او مخطط الترفيف Dewey Decimal Classification
Koha [default] item type كتاب
260 ## - PUBLICATION, DISTRIBUTION, ETC. (IMPRINT)
-- القاهرة :
-- دار العلم والايمان للنشر والتوزيع،
Holdings
حالة التراجع حالة الفقد حالة تلف ليس للاعارة المكان المؤقت الموقع الحالى موقع الترفيف تاريخ الاكتساب اجمالي اﻻعارات رقم الطلب الباركود تاريخ اخر مشاهدة تاريخ تفعيل السعر نوع وعاء كوها
        مكتبة القاهرة الكبرى مكتبة القاهرة الكبرى   07/17/2019   616.85884/ ص م 166186 07/17/2019 07/17/2019 كتاب

Powered By

EGPV